000 00808aam a2200301 i 4500
001 768714001
003 CO-MdFUSB
005 20250520101747.0
007 ta
008 250520t1991 -us |||| |||| 00| 0 eng d
020 _a1-55748-174-1
040 _cCO-MdFUSB
041 0 _aeng
082 0 4 _223
_a248.34
_bS7723e
100 1 _aSpurgeon, C. H. (Charles Haddon) (1834-1892)
_eautor
245 1 0 _aEvening by evening
_c/ Charles H. Spurgeon
264 1 _bBarbour Books,
_aWestwood, New Jersey :
_c[1991]
264 4 _c©1991
300 _a269 páginas
336 _atexto
_btxt
_2rdacontent
337 _2rdamedia
_asin mediación
_bn
338 _2rdacarrier
_avolumen
_bnc
563 _aPasta dura
653 _aDevocionarios
942 _cBK
945 _aJTF-925
999 _c43875
_d43875